00506nam a2200193Ia 4500003000400000005001700004008004100021020002200062040000700084041000800091082001500099100002500114245005200139260004200191300001800233365001400251650003100265650001600296OSt20230531112757.0210423s2015 xx 000 0 und d a978-93-82629-72-6 cAL aeng a361.3 ATIS aAtik-ur-rahaman(S M) asocial work :theories approaches and profession aJaipurbIshika Publishing Housec2015 aviii,189pbHB b1395cINR aSocial Problems & Services aSocial Work